000 00373nam a2200169Ia 4500
100 _aJianming Jin
650 _aFEM
250 _a2
942 _cRB
366 _f15
654 _aFEM
245 _aThe Finite Element Method in Electromagnetics
260 _bJohn wiley and sons
_aNew Delhi
_c2002
082 _a620.001/JIA
_bJIA
300 _a753
546 _aENGLISH
999 _c19813
_d19813